| 000 | 00471nam a2200181Ia 4500 | ||
|---|---|---|---|
| 001 | 11518 | ||
| 005 | 20260306162834.0 | ||
| 008 | 260306t2016||||xx |||||||||||||| ||spa|| | ||
| 041 | _aESP | ||
| 082 |
_a985.033 _bB91 |
||
| 100 |
_aBebin Cúneo, Sergio _eAUT |
||
| 245 | 0 |
_aMercaderes y corregidores: _bel reparto mercantil en el Perú, 1752-1780 |
|
| 260 | _c2016 | ||
| 300 |
_a176 páginas : _c21 cm. |
||
| 650 | _aGEN | ||
| 654 | _aCHU | ||
| 942 |
_cLIB _dJUS _fJUS _2ddc _n |
||
| 999 |
_c11518 _d11518 |
||